|
|
|
|
| LEADER |
01207nam a2200253 a 4500 |
| 001 |
GR-MES549 |
| 008 |
991111s1988 gr 000 0 gre d |
| 040 |
|
|
|a GrPaTEI
|b gre
|c GR-PaULI
|
| 245 |
0 |
3 |
|a Οι θεμελιώδεις νόμοι της καπιταλιστικής οικονομίας
|n 2ος.
|
| 250 |
|
|
|a 7η
|
| 260 |
|
|
|a Αθήνα :
|b Στοχαστής,
|c 1988
|
| 300 |
|
|
|a 104 σελ.
|
| 650 |
|
4 |
|a Καπιταλισμός
|
| 650 |
|
4 |
|a Οικονομία
|
| 700 |
1 |
|
|a Βεργωτής, Βασίλης
|
| 700 |
1 |
|
|a Γεωργούλας, Μπάμπης
|
| 700 |
1 |
|
|a Μπαμπύ, Ζάν
|
| 710 |
0 |
|
|a Στοχαστής
|
| 942 |
|
|
|2 ddc
|
| 952 |
|
|
|0 0
|1 0
|2 ddc
|4 0
|7 0
|9 263827
|a MSLG
|b MSLG
|c BSC
|d 2021-01-17
|e 24
|f 0
|g 0.00
|l 0
|p 2420000001877
|r 2021-01-17 00:00:00
|t 1
|w 2021-01-17
|y BK15
|x 19991111 0 1
|x GrPaTEI
|
| 952 |
|
|
|0 0
|1 0
|2 ddc
|4 0
|7 0
|9 263828
|a MSLG
|b MSLG
|c BSC
|d 2021-01-17
|e 24
|f 0
|g 0.00
|l 0
|p 2420000001878
|r 2021-01-17 00:00:00
|t 1
|w 2021-01-17
|y BK15
|x 19991111 0 1
|x GrPaTEI
|
| 952 |
|
|
|0 0
|1 0
|2 ddc
|4 0
|7 0
|9 263829
|a MSLG
|b MSLG
|c BSC
|d 2021-01-17
|e 24
|f 0
|g 0.00
|l 0
|p 2420000001880
|r 2021-01-17 00:00:00
|t 1
|w 2021-01-17
|y BK15
|x 19991111 0 1
|x GrPaTEI
|
| 971 |
|
|
|a .b25715902
|b 16-04-20
|c 13-09-16
|
| 999 |
|
|
|c 151895
|d 151895
|